Joueurs ayant gagné la LDC et la CDM – Mort subite - Statistiques

Statistiques générales
  • Ce quiz a été pris 1 235 fois
  • Le résultat moyen est 5 sur 15
Answers on the Grid
Answers color-coded by a green-red scale on the quiz's grid according to % correct below.
Zinedine Zidane
Thierry Henry
Bixente Lizarazu
Julian Álvarez
Andrés Iniesta
Kaká
Manuel Neuer
Ángel Di María
Olivier Giroud
Ousmane Dembélé
Ronaldinho
Didier Deschamps
Didi
N'Golo Kanté
Fabien Barthez
David Beckham
Neymar
Diego Maradona
Fabio Cannavaro
Mesut Özil
Mats Hummels
Pelé
Kylian Mbappé
Karim Benzema
Paolo Maldini
Antoine Griezmann
Zlatan Ibrahimović
Cristiano Ronaldo
Ronaldo (R9)
Gianluigi Buffon
 
Statistiques - réponses
Réponse % Correct
CDM 1998 / LDC 2002 Zinedine Zidane
50%
CDM 2018 / LDC 2025 Ousmane Dembélé
44%
CDM 2010 / LDC 2006, 2009, 2011, 2015 Andrés Iniesta
42%
CDM 2014 / LDC 2013, 2020 Manuel Neuer
40%
CDM 2018 / LDC 2021 N'Golo Kanté
40%
CDM 2022 / LDC 2014 Ángel Di María
37%
CDM 1998 / LDC 1993, 1996 Didier Deschamps
36%
CDM 2018 / LDC 2021 Olivier Giroud
34%
CDM 2002 / LDC 2007 Kaká
33%
CDM 1998 / LDC 2009 Thierry Henry
32%
CDM 2002 / LDC 2006 Ronaldinho
31%
CDM 2022 / LDC 2023 Julian Álvarez
29%
CDM 1998 / LDC 2001 Bixente Lizarazu
18%
CDM 1998 / LDC 1993 Fabien Barthez
14%
CDM 1958, 1962 / LDC 1960 Didi
3%
Aucun quiz correspondant
Distribution des résultats
% des personnes avec chaque résultat
Percentile par nombre de réponses
Votre historique - résultats
Vous n’avez pas pris ce quiz